000 00515nam a2200145 i 4500
001 89939
003 ES-MaACL
007 t|
008 050117s1982 sp ||||1| gao d
100 1 _aLedo Andión, Margarita.
_971161
245 1 0 _aPrensa e galeguismo
_b: da prensa galega do XIX ao primeiro periódico nacionalista : 20 anos de "A Nosa Terra" (1916-1936) /
_cMargarita Ledo Andión.
260 _a[Sada (A Coruña)] :
_bDo Castro,
_c[1982]
300 _a190 p. ;
_c19 cm.
852 _aES-MaACL
_jL-3538
_bR.104041
999 _c89939
_d89939